000 00347 a2200157 4500
001 59705
020 _a9788535903942
040 _cAnchieta - Pituba
100 _aReis, João José
240 1 0 _aRebelião escrava no Brasil
_lpor
245 1 0 _aRebelião escrava no Brasil
300 _a665
362 0 _a2003
650 4 _aBrasil
942 _cBK
999 _c59705
_d59705